000 00453cam a22001097a 4500
008 180718b1960 xxu||||| |||| 00| 0 eng d
082 _aK23x5422 M264
100 _aMadhya Pradesh. Committee of Enquiry on emoluments and conditions of service Government employess
245 _aReport of the Committee of Enquiry on emoluments and conditions of service of Madhya Pradesh Government employees, 1960
260 _aBhopal
_bThe author
_c1960
300 _a285+p.
999 _c489317
_d489317